000 00396nam a2200121Ia 4500
005 20251222141847.0
008 251222s9999||||xx |||||||||||||| ||spa||
082 _a289.8/C76
100 _aArzobispo Bovone, Alberto
245 0 _aCarta a los Obispos de la Iglesia Católica sobre la atención pastoral a las personas homosexuales
264 _bCongregación para la Doctrina de la Fe
942 _cLIB
999 _c7616
_d7616